الحرب الأمريكية الجديدة / (رقم التسجيلة. 86652)

تفاصيل مارك
000 -LEADER
fixed length control field 00722nam a22002057a 4500
005 - DATE AND TIME OF LATEST TRANSACTION
control field 20251108172719.0
008 - FIXED-LENGTH DATA ELEMENTS--GENERAL INFORMATION
fixed length control field 250721s2001 xx 000 0 ara d
082 14 - DEWEY DECIMAL CLASSIFICATION NUMBER
Classification number 327.73/زوا
100 1# - MAIN ENTRY--PERSONAL NAME
Personal name الزواهرة، رانيا بركات
Relator term مؤلف
245 10 - TITLE STATEMENT
Title الحرب الأمريكية الجديدة /
264 1# - PRODUCTION, PUBLICATION, DISTRIBUTION, MANUFACTURE, AND COPYRIGHT NOTICE
Place of production, publication, distribution, manufacture عمان :
Name of producer, publisher, distributor, manufacturer ضالمؤلفين،
Date of production, publication, distribution, manufacture, or copyright notice 2001.
300 ## - PHYSICAL DESCRIPTION
Extent 175ص
650 17 - SUBJECT ADDED ENTRY--TOPICAL TERM
Topical term or geographic name as entry element السياسة الخارجية
650 17 - SUBJECT ADDED ENTRY--TOPICAL TERM
Topical term or geographic name as entry element التاريخ الأمريكي
650 17 - SUBJECT ADDED ENTRY--TOPICAL TERM
Topical term or geographic name as entry element الإمبريالية
700 1# - ADDED ENTRY--PERSONAL NAME
Personal name الرجبي، محمود أبو فروة
Relator term مؤلف مشارك
700 1# - ADDED ENTRY--PERSONAL NAME
Personal name الطعامنة، شادي عبد الكريم
Relator term مؤلف مشارك
942 ## - ADDED ENTRY ELEMENTS (KOHA)
Source of classification or shelving scheme Dewey Decimal Classification
Koha item type كتب
المقتنيات
حالة السحب حالة الفقدان مصدر التصنيف حالة التلف غير قابل للإعارة المكتبة الرئيسية المكتبة الحالية موقع الرف تاريخ التزويد الرقم المتسلسل Total Checkouts رقم الإستدعاء تاريخ آخر ظهور تاريخ الفاتورة نوع المادة (كوها)
    Dewey Decimal Classification Unchecked   مكتبة الجويدة مكتبة الجويدة الإعارة 28/07/2025 490071   327.73/زوا 28/07/2025 28/07/2025 كتب
Implemented & Customized by: BBB with SCIT (Smart Chains for Information Technology)

Powered by Koha